000 00452nam a2200145Ia 4500
008 090124s9999 xx 000 0 und d
082 _b206864
245 _a जीव विकास की कहानी
250 _a1
260 _bशर्मा परमात्मा
_c2004
300 _a48
630 _a जीव विकास की कहानी
730 _a जीव विकास की कहानी
942 _cBOOK
999 _c188860
_d188860